[Event "Rilton Cup9495"]
[Site "Stockholm"]
[Date "1994.??.??"]
[Round "9"]
[White "Eklund, Mathias"]
[Black "Fant, Goran"]
[Result "1-0"]
[WhiteElo "2210"]
[BlackElo "2080"]

1.d4 d5 2.c4 dxc4 3.Nf3 c5 4.d5 Nf6 5.Nc3 a6 6.e4 b5 7.e5 b4 8.exf6 bxc3
9.bxc3 Nd7 10.fxe7 Qxe7+ 11.Be2 Nb6 12.O-O Qd6 13.Bxc4 Bd7 14.Re1+ Be7 15.Qe2 O-O
16.Qxe7 Nxc4 17.Qxd6 Nxd6 18.Ba3 Rfc8 19.Ne5 Bb5 20.Rad1 Kf8 21.Nc6 Bxc6
22.dxc6 Ne8 23.Bxc5+ Kg8 24.Rd7 Rxc6 25.Bd4 Nd6 26.h3 f6 27.Re6 Re8 28.Rexd6  1-0

[Event "SWZ-chT"]
[Site "SWZ"]
[Date "1994.??.??"]
[Round "9"]
[White "Sherwin, James T"]
[Black "Kamber, Bruno"]
[Result "1/2-1/2"]
[WhiteElo "2265"]
[BlackElo "2345"]

1.d4 d5 2.c4 dxc4 3.Nf3 c5 4.d5 e6 5.Nc3 Nf6 6.e4 exd5 7.e5 Nfd7 8.Qxd5 Nb6
9.Qxd8+ Kxd8 10.Bg5+ Be7 11.h4 Be6 12.O-O-O+ N8d7 13.h5 Nc8 14.Bxe7+ Nxe7
15.Ng5 Nc6 16.Nxe6+ fxe6 17.Bxc4 Ke7 18.Bxe6 Kxe6 19.Rd6+ Ke7 20.Nd5+ Ke8
21.Nc7+ Ke7 22.Nd5+ Ke8 23.Nc7+ Ke7 24.Nd5+  1/2-1/2

[Event "LTU-ch  Vilnius"]
[Site "Vilnius"]
[Date "1994.??.??"]
[Round "10"]
[White "Sakalauskas, Vaidas"]
[Black "Grabliauskas, Virginijus"]
[Result "1/2-1/2"]
[WhiteElo "2380"]
[BlackElo "2340"]

1.d4 d5 2.c4 dxc4 3.Nf3 a6 4.e3 Nf6 5.Bxc4 e6 6.O-O c5 7.a4 Nc6 8.Qe2 cxd4
9.Rd1 Be7 10.exd4 O-O 11.Nc3 Nb4 12.Ne5 b6 13.Ne4 Bb7 14.Nxf6+ Bxf6 15.Ra3 Rc8
16.Rh3 Qc7 17.Rc3 Qe7 18.Rg3 Rfd8 19.b3 Bd5 20.Bb2 b5 21.axb5 axb5 22.Bxb5 Rc2
23.Rd2 Rxd2 24.Qxd2 Bxe5 25.dxe5 Bc4 26.Qxd8+ Qxd8 27.Bxc4 Qd1+ 28.Bf1 h5
29.h3 h4 30.Rf3 Nc2 31.Bc3 Qb1 32.b4 Nxb4 33.Bxb4 Qxb4 34.Re3 Qb1 35.Re2 Kh7
36.Re3 Kh6 37.Rf3 Kg6 38.Re3 Kg5 39.Re2 Kf5 40.Re3 f6 41.Re2 Qb6 42.Re3 Kf4
43.exf6 gxf6 44.Bc4 e5 45.Bd3 Kg5 46.Re4 Qa5 47.Re3 f5 48.f4+ Kxf4 49.Rf3+ Kg5
50.Rxf5+ Kh6 51.Rf6+ Kg7 52.Rg6+ Kf7 53.Rg4 Ke6 54.Be4 Kd6 55.Bf3 Kc5 56.Re4 Kd6
57.Kh2 Qd8  1/2-1/2

[Event "Vladivostok"]
[Site "Vladivostok"]
[Date "1994.??.??"]
[Round "6"]
[White "Guliev, Sarhan"]
[Black "Yakovich, Yuri"]
[Result "1/2-1/2"]
[WhiteElo "2490"]
[BlackElo "2515"]

1.d4 d5 2.c4 dxc4 3.Nf3 a6 4.a4 Nf6 5.e3 Bg4 6.Bxc4 e6 7.h3 Bh5 8.Nbd2 Nc6
9.O-O Bb4 10.Be2 O-O 11.Nc4 Qe7 12.Nfe5 Bxe2 13.Nxc6 Bxd1 14.Nxe7+  1/2-1/2

[Event "Zalakaros op"]
[Site "Zalakaros"]
[Date "1994.??.??"]
[Round "5"]
[White "Kiss, Attila"]
[Black "Varga, Zoltan"]
[Result "1/2-1/2"]
[WhiteElo "2340"]
[BlackElo "2450"]

1.d4 d5 2.c4 dxc4 3.Nf3 a6 4.e4 b5 5.a4 Bb7 6.axb5 axb5 7.Rxa8 Bxa8 8.Nc3 c6
9.Be2 e6 10.O-O Nf6 11.Bg5 h6 12.Bxf6 gxf6 13.Qa1 Nd7 14.d5 exd5 15.exd5 Bc5
16.Rd1 O-O 17.Qc1 Re8 18.Bf1 f5  1/2-1/2

[Event "Zuerich op2"]
[Site "Zuerich"]
[Date "1994.??.??"]
[Round "7"]
[White "Klauser, Markus"]
[Black "Krizsany, Laszlo"]
[Result "1/2-1/2"]
[WhiteElo "2345"]
[BlackElo "2385"]

1.d4 d5 2.c4 dxc4 3.Nf3 c5 4.e3 cxd4 5.Bxc4 d3 6.Nc3 Nc6 7.a3 Nf6 8.Qxd3 Qxd3
9.Bxd3 Bg4 10.h3 Bxf3 11.gxf3 e6 12.Rg1 g6 13.Ne4 Nxe4 14.Bxe4 Bg7 15.Bd2  1/2-1/2

[Event "London SCCU op"]
[Site "London"]
[Date "1995.08.??"]
[Round "9"]
[White "Whiteley, Andrew J"]
[Black "Sands, David"]
[Result "0-1"]
[WhiteElo "2375"]
[BlackElo "2235"]

1.d4 d5 2.c4 dxc4 3.Nf3 a6 4.e3 Nf6 5.Bxc4 e6 6.O-O c5 7.Qe2 b5 8.Bd3 cxd4
9.exd4 Nc6 10.Rd1 Nb4 11.Be4 Nxe4 12.Qxe4 Nd5 13.Nc3 Bb7 14.Qg4 Nf6 15.Qg3 b4
16.Ne2 Be7 17.Ne5 O-O 18.Bh6 Ne8 19.d5 Bh4 20.Qg4 Bxd5 21.Nf4 f5 22.Qh3 gxh6
23.Nxe6 Bxe6 24.Rxd8 Bxd8 25.Qf3 Rc8 26.Qb7 a5 27.Qa6 Ng7 28.h3 Rc5 29.Re1 Bf6
30.Nc6 Bc4 31.Qb6 Rb5 32.Qc7 Bxa2 33.Ra1 Be6 34.Rxa5 Rxa5 35.Qxa5 b3 36.Qa3 Re8
37.f4 h5 38.g3 h6 39.Na5 Rb8 40.Nc6 Re8 41.Na5 Rd8 42.Nxb3 Rd3 43.Qa8+ Kh7
44.Qf8 Bxb2 45.Nc5 Ba3  0-1

[Event "Cseppko op"]
[Site "Aggtelek"]
[Date "1995.??.??"]
[Round "?"]
[White "Krizsany, Laszlo"]
[Black "Kiss, Pal"]
[Result "1/2-1/2"]
[WhiteElo "2440"]
[BlackElo "2455"]

1.d4 d5 2.c4 dxc4 3.Nf3 c5 4.d5 e6 5.Nc3 Nf6 6.e4 exd5 7.e5 Ne4 8.Qxd5 Nxc3
9.Qxd8+ Kxd8 10.bxc3 Be6 11.Ng5 Nd7 12.Nxe6+ fxe6 13.f4 Nb6 14.a4 a5 15.Be2 Kc7
16.O-O g6 17.Bg4 Re8 18.Bd2  1/2-1/2

[Event "Alma Ata"]
[Site "Alma Ata"]
[Date "1995.??.??"]
[Round "3"]
[White "Kakageldyev, Amanmurad"]
[Black "Fominyh, Alexander"]
[Result "1/2-1/2"]
[WhiteElo "2450"]
[BlackElo "2520"]

1.d4 d5 2.c4 dxc4 3.Nf3 a6 4.e3 Nf6 5.Bxc4 b5 6.Bb3 e6 7.O-O Bb7 8.Qe2 Nbd7
9.Nc3 c5 10.Rd1 Qb6 11.d5 Nxd5 12.Nxd5 Bxd5 13.Bxd5 exd5 14.Rxd5 Be7 15.e4 Rd8
16.Bg5 Bxg5 17.Nxg5 h6 18.Nf3 O-O 19.Rad1 Nf6 20.Rxd8 Rxd8 21.e5 Nd5 22.h3 Nf4
23.Rxd8+ Qxd8 24.Qe4 Ne6 25.Qc6 Qd1+ 26.Kh2 Qe2 27.Qc8+ Kh7 28.Qe8 Nd4 29.Nxd4 cxd4
30.f4 Qc4 31.Kg3 d3 32.Qd7 Qe4 33.h4 Qe3+ 34.Kg4 d2 35.Qf5+  1/2-1/2

[Event "Donner mem op"]
[Site "Amsterdam"]
[Date "1995.??.??"]
[Round "10"]
[White "Mikhalevski, Alexander"]
[Black "Cifuentes Parada, Roberto"]
[Result "1/2-1/2"]
[WhiteElo "2405"]
[BlackElo "2525"]

1.d4 d5 2.c4 dxc4 3.Nf3 c5 4.e3 Nf6 5.Bxc4 e6 6.Qe2 cxd4 7.exd4 Nc6 8.O-O Be7
9.Rd1 O-O 10.Nc3 Nd5 11.Qe4 Nf6 12.Qe2 Nd5 13.Qe4 Nf6 14.Qe2  1/2-1/2

[Event "Andorra op"]
[Site "Andorra"]
[Date "1995.??.??"]
[Round "4"]
[White "Berebora, Ferenc"]
[Black "Cifuentes Parada, Roberto"]
[Result "0-1"]
[WhiteElo "2405"]
[BlackElo "2535"]

1.d4 d5 2.c4 dxc4 3.Nf3 c5 4.d5 e6 5.Nc3 Ne7 6.e4 exd5 7.exd5 Nf5 8.Bxc4 Be7
9.O-O O-O 10.h3 Nd6 11.Bd3 Bf5 12.Bf4 Bxd3 13.Qxd3 Nd7 14.Rfe1 Re8 15.Bxd6 Bxd6
16.Rxe8+ Qxe8 17.Re1 Qd8 18.Qb5 Qc7 19.Qa4 Nf6 20.Ne4 Nxe4 21.Qxe4 h6 22.Nh4 Bf8
23.Nf5 Rd8 24.b3 g6 25.Ne3 Qa5 26.Nc4 Qxa2 27.d6 b5 28.Qe8 Rxe8 29.Rxe8 Qa1+
30.Kh2 Qd4  0-1

[Event "ARG-ch"]
[Site "?"]
[Date "1995.??.??"]
[Round "8"]
[White "Morovic Fernandez, Ivan"]
[Black "Ricardi, Pablo"]
[Result "1/2-1/2"]
[WhiteElo "2585"]
[BlackElo "2545"]

1.d4 d5 2.c4 dxc4 3.Nf3 c5 4.e3 cxd4 5.Bxc4 Qc7 6.Qc2 Nc6 7.exd4 e6 8.O-O Nf6
9.Qe2 Be7 10.Nc3 O-O 11.Be3 Rd8 12.Rac1 Qa5 13.Rfd1 Qh5 14.a3 Nd5 15.Nxd5 exd5
16.Ne5 Qxe2 17.Bxe2 Bd7 18.Bf3 Be8 19.Nd3 Na5 20.Bf4 Nc4 21.b3 Nxa3 22.Bc7 Rdc8
23.Bg4 Nb5 24.Bxc8 Rxc8 25.Bf4 Bc6 26.Ne5 f6 27.Nxc6 bxc6 28.Rd3 Kf7 29.Kf1 Bd8
30.h4 Bb6 31.Be3 Ke6 32.f3 Kd7 33.Bf2 Nd6 34.h5 Nf7 35.Re1 Nd6 36.g4 Rf8
37.Re2 f5 38.Kg2 fxg4 39.fxg4 Ne4 40.Be3 Bc7 41.Re1 Rb8 42.Rf1 Ke6 43.Bf4 Bxf4
44.Rxf4 Rb6 45.Rf8 Ra6 46.Re8+ Kd6 47.Rg8 Ra2+ 48.Kf1 Rf2+ 49.Kg1 Rf7 50.Rd1 Nf6
51.Rd8+ Kc7 52.Ra8 Kb7 53.Rh8 Re7 54.g5 Nxh5 55.Rxh7 Ng3 56.g6 Kb6 57.Kh2 Nf5
58.Rh5 Ne3 59.Rg1 Re4 60.Rh7 Re7 61.Rg5 c5 62.dxc5+ Kxc5 63.Rh4 Nf1+ 64.Kg2 Nd2
65.b4+ Kc6 66.Rf5 Re8 67.Rd4  1/2-1/2

[Event "AUT-chT2O 9495"]
[Site "?"]
[Date "1995.??.??"]
[Round "?"]
[White "Weber, Gerold"]
[Black "Csoke, Krisztian"]
[Result "1-0"]
[WhiteElo "2355"]
[BlackElo "2295"]

1.d4 d5 2.c4 dxc4 3.Nf3 c5 4.e3 cxd4 5.exd4 Be6 6.Nc3 Nf6 7.Ne5 Nc6 8.Nxc6 bxc6
9.Qa4 Bd5 10.Be3 e6 11.Nxd5 Qxd5 12.Bxc4 Qd7 13.Rc1 Nd5 14.Ba6 Rb8 15.O-O Rxb2
16.Bc4 Nxe3 17.fxe3 Bb4 18.Rb1 Rxb1 19.Rxb1 Bd6 20.Qa6 O-O 21.Rb7 Qc8 22.Qxa7 c5
23.d5 exd5 24.Bxd5 Qg4 25.Rb1 Qh5 26.Bf3 Qxh2+ 27.Kf2 Qh4+ 28.Ke2 Qc4+ 29.Kd2 Be5
30.Qa5 Bf6 31.Rc1 Qh4 32.Ke2 c4 33.Qa4 Rc8 34.Qa6 Re8 35.Qc6 Rb8 36.Rxc4 Qg5
37.Rc2 Rd8 38.a4 Qa5 39.Qb5 Qa7 40.a5 h6 41.Qb6 Qxb6 42.axb6 Rb8 43.b7 Kh7
44.Rc7 Kg6 45.Be4+ Kg5 46.Rxf7 Kg4 47.Rc7 h5 48.Bf3+ Kg3 49.Rc1 g5 50.Rc8 Be5
51.Kd3 g4 52.Bc6 Kf2 53.Ke4  1-0

[Event "Regionalliga NO9495"]
[Site "Bayern"]
[Date "1995.??.??"]
[Round "7"]
[White "Muehlbauer, Martin"]
[Black "Blank, Helmut"]
[Result "0-1"]
[WhiteElo "1935"]
[BlackElo "1965"]

1.d4 d5 2.c4 dxc4 3.Nf3 c5 4.e3 cxd4 5.Nxd4 e5 6.Nf3 Qxd1+ 7.Kxd1 Nc6 8.Bxc4 Bg4
9.Nc3 Nf6 10.h3 Bh5 11.g4 Bg6 12.Bd2 h5 13.g5 Ne4 14.Nxe4 Bxe4 15.Ke2 Be7
16.Rhg1 Bf5 17.Bc3 e4 18.Nd2 f6 19.gxf6 Bxf6 20.Bxf6 gxf6 21.Rg7 O-O-O 22.Rc1 Kb8
23.Bb5 Bxh3 24.Nxe4 Bd7 25.Ke1 Ne5 26.Bxd7 Rxd7 27.Rxd7 Nxd7 28.Ke2 h4 29.f4 Rg8
30.Rh1 f5 31.Nf6 Nxf6 32.Rxh4 Rg2+ 33.Kd3 Rxb2 34.Rh8+ Kc7 35.Rf8 Rb6 36.Rf7+ Kd8
37.Kd4 Ke8 38.Rc7 Rb5 39.Kc4 a6 40.a4 Rd5 41.Rxb7 Rd6 42.Kc5 Re6 43.Rb3 Ke7
44.a5 Ne4+ 45.Kd5 Nf6+ 46.Kc5 Nd7+ 47.Kd5 Rd6+ 48.Kc4 Ke6 49.Rb1 Rd5 50.Ra1 Rb5
51.Ra2 Nc5 52.Ra3 Nb7 53.Kd4 Rxa5 54.Rxa5 Nxa5 55.e4 Nc6+ 56.Ke3 fxe4 57.Kxe4 a5
58.Kd3 Kf5 59.Kc4 Kxf4 60.Kb5 Ke3 61.Ka4 Kd2 62.Ka3 Kc3 63.Ka2 Kb4 64.Kb2 a4
65.Ka2 Nd4 66.Kb2 a3+ 67.Ka2 Ka4 68.Kb1 Kb3 69.Ka1 Nc2+  0-1

[Event "Berliner Sommer"]
[Site "Berlin"]
[Date "1995.??.??"]
[Round "1"]
[White "Bandlow, Reinhard"]
[Black "Lingnau, Carsten"]
[Result "0-1"]
[WhiteElo "1945"]
[BlackElo "2400"]

1.d4 d5 2.c4 dxc4 3.Nf3 a6 4.a4 Nf6 5.e3 e6 6.Bxc4 c5 7.O-O Nc6 8.Qe2 cxd4
9.Rd1 Be7 10.exd4 O-O 11.Nc3 Nb4 12.Bg5 Bd7 13.Ne5 Rc8 14.Rd2 Be8 15.Rad1 Nfd5
16.Bxe7 Nxe7 17.b3 Nbd5 18.Ne4 Nf5 19.Nc5 Nc3 20.Qg4 Nxd1 21.Nxe6 fxe6 22.Bxe6+ Kh8
23.Rxd1 Qf6 24.Bxc8 Ne3 25.Qe2 Nxd1 26.Ng4 Qd8 27.Bxb7 Nc3 28.Qc4 Qxd4 29.Qxd4 Ne2+
30.Kf1 Nxd4 31.Bxa6 Nxb3  0-1

[Event "Bern op"]
[Site "Bern"]
[Date "1995.??.??"]
[Round "5"]
[White "Cramling, Pia"]
[Black "Blauert, Joerg"]
[Result "1/2-1/2"]
[WhiteElo "2520"]
[BlackElo "2390"]

1.d4 d5 2.Nf3 c5 3.c4 dxc4 4.Nc3 Nf6 5.d5 e6 6.e4 exd5 7.e5 Nfd7 8.Bg5 Be7
9.Bxe7 Qxe7 10.Nxd5 Qd8 11.Qc2 Nb6 12.O-O-O Nxd5 13.Bxc4 O-O 14.Bxd5 Qe7
15.h4 Na6 16.Ng5 g6 17.Qc3 Nb4 18.a3 Nxd5 19.Rxd5 Bf5 20.g4 Bd7 21.Ne4 Bc6
22.Nf6+ Kh8 23.Qe3 Kg7 24.h5 Bxd5 25.Nxd5 Qd7 26.hxg6 fxg6 27.Qh6+ Kg8 28.e6 Qg7
29.e7 Qxh6+ 30.Rxh6 Rfe8 31.g5 Kg7 32.Nf6 Rh8 33.Rh3 Rae8 34.Re3 h5 35.Kd2 Kf7
36.Nd5 h4 37.Rf3+ Kg7 38.Rh3 Kg8 39.Nf6+ Kg7  1/2-1/2

[Event "Budapest FS10 IM-A"]
[Site "Budapest"]
[Date "1995.??.??"]
[Round "1"]
[White "Zimmerman, Yuri"]
[Black "Weteschnik, Martin"]
[Result "1/2-1/2"]
[WhiteElo "2375"]
[BlackElo "2100"]

1.d4 d5 2.Nf3 c5 3.c4 dxc4 4.d5 e6 5.Nc3 exd5 6.Qxd5 Qxd5 7.Nxd5 Na6 8.e4 Ne7
9.Ne3 Ng6 10.Bxc4 Nc7 11.Nd5 Bd6 12.Nxc7+ Bxc7 13.Bb5+ Bd7 14.Bxd7+ Kxd7
15.O-O Ke7 16.Be3 b6 17.Rfc1 Bf4 18.Bxf4 Nxf4 19.Kf1 Rhd8 20.g3 Nd3 21.Rc2 Nb4
22.Rd2 Rxd2 23.Nxd2 Rd8 24.Ke2 Nd3 25.b3 Nxf2 26.a4 Ng4 27.Nf3 Ke6 28.a5 Ne5
29.Nxe5 Kxe5 30.axb6 axb6 31.Ra7 Ke6 32.Rb7 Rd6 33.g4 h6 34.h4 g6 35.Ke3 f5
36.exf5+ gxf5 37.g5 hxg5 38.hxg5 Ke5 39.Re7+ Re6 40.Rf7 Rg6 41.Rb7 Rxg5 42.Rxb6 Rg3+
43.Kf2 f4 44.Rb8 Kd4 45.Rd8+ Kc3 46.Rb8 Kb2 47.Rb5 Rc3 48.Ke2 f3+ 49.Kf2 Ka3
50.Kg3 Kb2 51.Kf2 Kc1 52.Rb8 Kc2 53.Rb5 Kd2 54.Rb8 Kd3 55.Kxf3 Kc2+ 56.Ke4 Rxb3
57.Rc8  1/2-1/2

[Event "HUN-ch (Women)"]
[Site "Budapest"]
[Date "1995.??.??"]
[Round "3"]
[White "Horvath, Julia"]
[Black "Csom, Etelka"]
[Result "1-0"]
[WhiteElo "2270"]
[BlackElo "2130"]

1.d4 d5 2.Nf3 c5 3.c4 dxc4 4.Qa4+ Bd7 5.Qxc4 cxd4 6.Nxd4 Nc6 7.Nc3 Nxd4 8.Qxd4 Bc6
9.Be3 a6 10.Rd1 e6 11.Qc4 Qa5 12.a3 Nf6 13.f3 Be7 14.Bd2 Qc5 15.e4 Rc8 16.Qxc5 Bxc5
17.Bf4 O-O 18.Bd6 Bxd6 19.Rxd6 Rfd8 20.Rxd8+ Rxd8 21.Bc4 e5 22.Ke2 Kf8 23.Rc1 Ne8
24.Nd5 Nd6 25.Ba2 Nb5 26.Ke3 Nd4 27.g3 f6 28.f4 Bxd5 29.Bxd5 Rd7 30.Rc8+ Ke7
31.Rb8 Nc6 32.Bxc6 bxc6 33.Rb6 c5 34.b3 Rd1 35.Rxa6 Rb1 36.Rb6 c4 37.Kd2 cxb3
38.Kc3 Re1 39.fxe5 fxe5 40.Rxb3 Rxe4 41.Rb2 Ke6 42.Ra2 Ra4 43.Kb3 Ra8 44.a4 Kd5
45.Kc3 Rc8+ 46.Kd3 e4+ 47.Ke3 Rc3+ 48.Ke2 Rc7 49.a5 Ra7 50.Ke3 Ra6 51.Ra4 h5
52.h4 g6 53.Rd4+ Ke5 54.Rxe4+ Kd5 55.Ra4 Ke5 56.Ra3 Kf5 57.Kd4 g5 58.hxg5 Kxg5
59.Kc5 Kg4 60.Kb5 Rg6 61.a6 Rg5+ 62.Kc4 Rg8 63.Kb4 Kh3 64.Rc3 Kg4 65.Kb5 Rg5+
66.Kb6 Rg6+ 67.Kb7 Rg7+ 68.Rc7 Rg8 69.Rh7 Kxg3 70.Rxh5 Rg7+ 71.Kb6 Rg6+ 72.Kb5 Rg7
73.Rc5  1-0

[Event "Budapest FS08 IM-B"]
[Site "Budapest"]
[Date "1995.??.??"]
[Round "3"]
[White "Munschi, Serge"]
[Black "Peredy, Ferenc"]
[Result "1/2-1/2"]
[WhiteElo "2290"]
[BlackElo "2230"]

1.d4 d5 2.c4 dxc4 3.Nf3 c5 4.d5 e6 5.Nc3 exd5 6.Qxd5 Qxd5 7.Nxd5 Bd6 8.e4 Ne7
9.Bxc4 Nxd5 10.Bxd5 Na6 11.e5 Be7 12.O-O Nc7 13.Be4 Rb8 14.Be3 O-O 15.Rfd1 b6
16.a4 a5 17.Bc6 h6 18.Nd2 Be6 19.Ne4 Na6 20.Bd5  1/2-1/2

[Event "Budapest Elekes"]
[Site "Budapest"]
[Date "1995.??.??"]
[Round "4"]
[White "Farago, Ivan"]
[Black "Izsak, Gyula"]
[Result "1/2-1/2"]
[WhiteElo "2515"]
[BlackElo "2445"]

1.d4 d5 2.c4 dxc4 3.Nf3 a6 4.e4 b5 5.a4 Bb7 6.Nc3 b4 7.Bxc4 e6 8.Qb3 Nc6
9.a5 Nxd4 10.Nxd4 Qxd4 11.Be3 Qd7 12.f3 Bd6 13.O-O Nf6 14.Rfd1 Qe7 15.Qa4+ Qd7
16.Qb3 Qe7 17.Qa4+ Qd7 18.Qb3 Qe7  1/2-1/2

[Event "Budapest FS10 IM-A"]
[Site "Budapest"]
[Date "1995.??.??"]
[Round "5"]
[White "Mikhailov, V."]
[Black "Weteschnik, Martin"]
[Result "1-0"]
[WhiteElo "2355"]
[BlackElo "2100"]

1.d4 d5 2.c4 dxc4 3.Nf3 c5 4.Nc3 e6 5.Bf4 Nf6 6.e4 a6 7.a4 Nc6 8.dxc5 Bxc5
9.Qxd8+ Kxd8 10.Bxc4 Bb4 11.e5 Ne4 12.O-O-O+  1-0

[Event "Budapest FS04 IM"]
[Site "Budapest"]
[Date "1995.??.??"]
[Round "6"]
[White "Eperjesi, Laszlo"]
[Black "Peredy, Ferenc"]
[Result "1/2-1/2"]
[WhiteElo "2350"]
[BlackElo "2230"]

1.d4 d5 2.c4 dxc4 3.Nf3 c5 4.e3 cxd4 5.Bxc4 e6 6.exd4 Nf6 7.O-O a6 8.a4 Nc6
9.Nc3 Nb4 10.Bg5 Be7 11.Qb3 a5 12.Rad1 O-O 13.Rfe1 Nfd5 14.Bxe7 Nxe7 15.Ne5 Ned5
16.Bxd5 exd5 17.Nd3 Bg4 18.f3 Nxd3 19.Rxd3 Be6 20.Re5 Ra6 21.Rde3 Rb6 22.Nb5 Rc6
23.Rc3 Qb6 24.f4 g6 25.h3 Rc4 26.Rxc4 dxc4 27.Qc3 Rd8 28.Kh2 Bd7 29.Qxc4 Bxb5
30.Rxb5 Qxd4 31.Qxd4 Rxd4 32.b3 Rxf4 33.Rxb7 Re4 34.Kg3 f6 35.Rb5 Kf7 36.Kf3 Re5
37.Rb7+ Kg8 38.g4 h5 39.Rb5 hxg4+ 40.hxg4 Kf7  1/2-1/2

[Event "Budapest FS10 IM-A"]
[Site "Budapest"]
[Date "1995.??.??"]
[Round "8"]
[White "Kahn, Evarth"]
[Black "Weteschnik, Martin"]
[Result "1/2-1/2"]
[WhiteElo "2350"]
[BlackElo "2100"]

1.d4 d5 2.c4 dxc4 3.Nf3 c5 4.d5 e6 5.Nc3 exd5 6.Qxd5 Qxd5 7.Nxd5 Na6 8.e4 Ne7
9.Bxc4 Nxd5 10.exd5 Bd6 11.O-O Nc7 12.Re1+ Kf8 13.Ng5 Bf5 14.g4 Bg6 15.f4 h6
16.Nf3 h5 17.h3 hxg4 18.hxg4 f6 19.Ne5 Bf7 20.g5 Rd8 21.Nxf7 Kxf7 22.a4 Rh4
23.Rf1 Rg4+ 24.Kf2  1/2-1/2

[Event "Budapest FS10 GM"]
[Site "Budapest"]
[Date "1995.??.??"]
[Round "8"]
[White "Lukacs, Peter"]
[Black "Almasi, Istvan"]
[Result "0-1"]
[WhiteElo "2480"]
[BlackElo "2395"]

1.d4 d5 2.c4 dxc4 3.Nf3 a6 4.e3 Nf6 5.Bxc4 e6 6.O-O c5 7.Bd3 Nbd7 8.Re1 cxd4
9.exd4 Be7 10.Ne5 Nd5 11.Qg4 O-O 12.Bh6 Bf6 13.Qe4 g6 14.Bxf8 Qxf8 15.Nd2 Bg7
16.Ndf3 N7f6 17.Qe2 Bd7 18.g3 Be8 19.a3 Rd8 20.Qc2 Qd6 21.Qb3 Qb8 22.Rac1 Ne7
23.Rc2 Nc6 24.Nxc6 Bxc6 25.Ne5 Be8 26.Bf1 Rxd4 27.Nc6 Bxc6 28.Rxc6 Nd7 29.Rc2 b5
30.a4 Rxa4 31.Rxe6 Ne5 32.Re7 Qa8 33.Rc3 Re4 34.Rec7 Nc4 35.Rf3 Re1 36.Rfxf7 Rxf1+
37.Kxf1 Qh1+ 38.Ke2 Qe4+ 39.Qe3 Qc2+ 40.Kf3 Qd1+ 41.Qe2  0-1

[Event "Budapest FS10 IM-A"]
[Site "Budapest"]
[Date "1995.??.??"]
[Round "9"]
[White "Mikhailov, V."]
[Black "Estrada Nieto, Julian"]
[Result "1/2-1/2"]
[WhiteElo "2355"]
[BlackElo "2295"]

1.d4 d5 2.c4 dxc4 3.Nf3 a6 4.a4 Nf6 5.Nc3 e6 6.e3 c5 7.Bxc4 Nc6 8.O-O Qc7
9.Qe2 Bd6 10.dxc5 Bxc5 11.e4 Ng4 12.g3 O-O 13.Bf4 e5 14.Nd5 Qd6 15.Bd2 Nf6
16.Qd3 Nxd5  1/2-1/2

[Event "Buenos Aires Najdorf"]
[Site "Buenos Aires"]
[Date "1995.??.??"]
[Round "1"]
[White "San Segundo, Pablo"]
[Black "Sadler, Matthew"]
[Result "1/2-1/2"]
[WhiteElo "2520"]
[BlackElo "2565"]

1.d4 d5 2.c4 dxc4 3.Nf3 a6 4.e3 Nf6 5.Bxc4 e6 6.O-O c5 7.Bd3 Nbd7 8.Qe2 b6
9.b3 Bb7 10.Bb2 Be7 11.Rd1 Qb8 12.Nbd2 O-O 13.Rac1 Rc8 14.Bb1 cxd4 15.Nxd4 b5
16.Rxc8+ Qxc8 17.Rc1 Qf8 18.Rc7 Qb8 19.Rc1  1/2-1/2

[Event "BUL-ch"]
[Site "?"]
[Date "1995.??.??"]
[Round "?"]
[White "Delchev, Aleksander"]
[Black "Ninov, Nikolai"]
[Result "1-0"]
[WhiteElo "2450"]
[BlackElo "2435"]

1.d4 d5 2.c4 dxc4 3.Nf3 a6 4.e3 Bg4 5.Bxc4 e6 6.Nc3 Nf6 7.h3 Bh5 8.g4 Bg6
9.Ne5 Nbd7 10.Nxg6 hxg6 11.g5 Ng8 12.e4 Nb6 13.Bb3 c5 14.d5 c4 15.dxe6 Qxd1+
16.Bxd1 fxe6 17.Bg4 Kf7 18.Be3 Nd7 19.O-O-O Ne5 20.Be2 Rc8 21.Bf4 Nd3+ 22.Bxd3 cxd3
23.Rxd3 Rh4 24.Rf3 Ke8 25.Kb1 Bb4 26.Ne2 e5 27.Bxe5 Rxe4 28.Re3 Rxe3 29.fxe3 Ne7
30.Bxg7 Nf5 31.Bc3 Be7 32.h4 Nxe3 33.Nf4 Rc6 34.Re1 Nf5 35.h5 gxh5 36.Re5 Ng7
37.Bb4 Ne6 38.Nxe6 Bxb4 39.Nd4+ Kf7 40.Nxc6 bxc6 41.Kc2 Kg6 42.Kd3 Bf8 43.Re6+ Kxg5
44.Rxc6 a5 45.Ra6 h4 46.Rxa5+ Kg4 47.Ra8 Be7 48.Ke2 h3 49.Kf1 Bc5 50.Rc8 Ba7
51.Rc3  1-0

[Event "Bytom op"]
[Site "Bytom"]
[Date "1995.??.??"]
[Round "?"]
[White "Bialy, Rafal"]
[Black "Kachur, Alexander"]
[Result "0-1"]
[WhiteElo "2125"]
[BlackElo "2315"]

1.d4 d5 2.c4 dxc4 3.Nf3 a6 4.a4 Nf6 5.e3 e6 6.Bxc4 c5 7.O-O Nc6 8.Nc3 Be7
9.b3 O-O 10.Bb2 cxd4 11.exd4 Nb4 12.Re1 b6 13.Qe2 Bb7 14.Rad1 Nbd5 15.Nxd5 Nxd5
16.Qe4 Rb8 17.Bd3 g6 18.Qe2 Nf4 19.Qe3 Nxd3 20.Rxd3 Qd5 21.Qh6 Bf6 22.Bc1 Rbc8
23.Bf4 Bg7 24.Qh4 Rc2 25.h3 Rfc8 26.Re5 Qd8 27.Qg4 Rb2 28.Nd2 Rcc2 29.Re2 Qd5
30.Be5 Rxd2 31.Rdxd2 Rxd2 32.Rxd2 Bxe5 33.Rd3 Bb8 34.Rc3 h5 35.Qf3 Qxd4 36.Rd3 Qe5
37.Qd1 Qh2+ 38.Kf1 Bxg2+ 39.Ke2 Bxh3 40.Rxh3 Qxh3 41.Qd8+ Kh7 42.Qxb8 Qxb3
43.Qa7 Qc4+ 44.Ke1 e5 45.Qxb6 Qxa4 46.Qf6 Qe4+ 47.Kd1 Qd5+ 48.Ke2 a5  0-1

[Event "Cannes op"]
[Site "Cannes"]
[Date "1995.??.??"]
[Round "1"]
[White "Pedersen, Steffen"]
[Black "Sadler, Matthew"]
[Result "1-0"]
[WhiteElo "2400"]
[BlackElo "2575"]

1.d4 d5 2.c4 dxc4 3.Nf3 a6 4.e4 b5 5.a4 Bb7 6.Nc3 b4 7.Bxc4 e6 8.Qb3 Nc6
9.a5 Nxd4 10.Nxd4 Qxd4 11.Be3 Qd7 12.f3 Bd6 13.Na4 Qe7 14.e5 Bxe5 15.Nc5 Bc8
16.Qa4+ Bd7 17.Qc2 Nf6 18.Bxa6 Nd5 19.Bf2 Rxa6 20.Nxa6 Bb5 21.Nc5 O-O 22.a6 Qg5
23.a7 Ra8 24.Ra5 Ne3 25.Qe4 Nxg2+ 26.Kd1 Rd8+ 27.Bd4 Bxd4 28.a8=Q Bxc5+ 29.Kc2 Qd2+
30.Kb3 c6 31.Rha1 Bf8 32.Qxd8 Qxd8 33.Ra8 Qd2 34.Rb8 Nf4 35.Raa8 Qd1+ 36.Ka2 b3+  1-0

[Event "Cannes Martinez op"]
[Site "Cannes"]
[Date "1995.??.??"]
[Round "1"]
[White "Birens, Eric Andre"]
[Black "Dunnington, Angus J"]
[Result "0-1"]
[WhiteElo "2140"]
[BlackElo "2385"]

1.d4 d5 2.c4 dxc4 3.Nf3 a6 4.e3 e6 5.Bxc4 Nf6 6.O-O b5 7.Bd3 c5 8.a4 b4 9.Qe2 Bb7
10.Rd1 Qc7 11.Nbd2 Nc6 12.Nb3 Na5 13.Nxa5 Qxa5 14.e4 cxd4 15.Nxd4 Bd6 16.Nf3 O-O
17.Bg5 Ng4 18.Bh4 Ne5 19.Nxe5 Bxe5 20.Bg3 Bxg3 21.hxg3 Rfd8 22.Bc2 Qe5 23.Rxd8+ Rxd8
24.Rd1 Rxd1+ 25.Qxd1 g6 26.b3 Bxe4 27.Qe1 f5 28.Kh2 Qc3 29.Qd1 Bxc2 30.Qd8+ Kf7
31.Qd7+ Kf8 32.Qd8+ Kf7 33.Qd7+ Kf6 34.f4 Qc5 35.Qxh7 Qe7 36.Qh4+ Kf7 37.Qh7+ Ke8
38.Qh8+ Kd7 39.Qd4+ Ke8 40.Qh8+ Kd7 41.Qd4+ Qd6 42.Qa7+ Ke8 43.Qa8+ Kf7 44.Qa7+ Kf6
45.Qh7 Bxb3 46.Qh8+ Ke7 47.a5 Bd5 48.Qg7+ Kd8 49.Qxg6 Kd7 50.Qg7+ Kc6 51.Qa7 Kb5
52.Qd4 Kxa5 53.g4 fxg4 54.Kg3 b3 55.Qa1+ Kb5 56.Qb2 a5 57.Kxg4 a4 58.Qe2+ Bc4
59.Qe4 Qd5  0-1

[Event "Cannes Martinez op"]
[Site "Cannes"]
[Date "1995.??.??"]
[Round "4"]
[White "Szabolcsi, Janos"]
[Black "Peric, Slavisa"]
[Result "1/2-1/2"]
[WhiteElo "2475"]
[BlackElo "2250"]

1.d4 d5 2.Nf3 c5 3.c4 dxc4 4.d5 e6 5.Nc3 exd5 6.Nxd5 Ne7 7.e4 Nxd5 8.exd5 Be7
9.Bxc4 O-O 10.O-O Bg4 11.Re1 Bd6 12.Qd3 Nd7 13.Ng5 Nf6 14.Bd2 h6 15.Nf3 Nd7
16.Bb3 c4 17.Qxc4 Bxf3 18.gxf3 Ne5 19.Qe4 f5 20.Qe3 Qh4 21.f4 Qg4+ 22.Kh1 Qf3+
23.Qxf3 Nxf3 24.Red1 Nxd2 25.Rxd2 Rae8 26.f3 Rf6 27.Rc2 Kf8 28.Ba4 Rd8 29.Rc4 a6
30.Bb3 Re8 31.Rac1 Re2 32.Rc8+ Ke7 33.R8c2 Rxc2 34.Rxc2 Bxf4 35.Rg2 g5 36.Re2+ Kd6
37.h3 Be5 38.Rd2  1/2-1/2

[Event "Cannes Masters"]
[Site "Cannes"]
[Date "1995.??.??"]
[Round "8"]
[White "Kalantarian, Norik"]
[Black "Olivier, Jean Christophe"]
[Result "1-0"]
[WhiteElo "2460"]
[BlackElo "2360"]

1.d4 d5 2.c4 dxc4 3.Nf3 a6 4.a4 Nf6 5.Nc3 e6 6.e3 c5 7.Bxc4 Nc6 8.O-O Be7
9.h3 O-O 10.Ba2 cxd4 11.exd4 Nb4 12.Bb1 b6 13.Qe2 Bb7 14.Rd1 Rc8 15.Ne5 Nfd5
16.Bd2 Rc7 17.Re1 f5 18.Rd1 Bg5 19.f3 Bxd2 20.Qxd2 Qh4 21.Nxd5 Nxd5 22.Ba2 Rfc8
23.Bb3 a5 24.Kh2 Qf4+ 25.Qxf4 Nxf4 26.Kg3 Bd5 27.Kxf4 Bxb3 28.Rd3 Bd5 29.g4 fxg4
30.hxg4 Rc2 31.Rb1 Ba2 32.Rh1 Rxb2 33.g5 Bb3 34.g6 h6 35.Ra1 Bd5 36.Rdd1 Rb4
37.Kg3 Kf8 38.Rac1 Rxc1 39.Rxc1 Rxa4 40.Rc8+ Ke7 41.Rc7+ Kf8 42.Rf7+ Kg8
43.Nd7  1-0

[Event "Cappelle op"]
[Site "Cappelle la Grande"]
[Date "1995.??.??"]
[Round "1"]
[White "Pieniazek, Andrzej"]
[Black "Denayer, Eric"]
[Result "1-0"]
[WhiteElo "2205"]
[BlackElo "2215"]

1.d4 d5 2.c4 dxc4 3.Nf3 c5 4.e3 e6 5.Bxc4 Nf6 6.O-O a6 7.a4 Nc6 8.Qe2 Qc7
9.Nc3 Be7 10.h3 O-O 11.d5 exd5 12.Nxd5 Nxd5 13.Bxd5 Bf6 14.e4 Nd4 15.Nxd4 Bxd4
16.Be3 Bxe3 17.Qxe3 Be6 18.Bxe6 fxe6 19.Rfc1 Rac8 20.Rc2 b6 21.Rac1 a5 22.Rd2 Rcd8
23.Rcd1 Rxd2 24.Qxd2 Qc6 25.Qc2 c4 26.b3 c3 27.Rd4 b5 28.axb5 Qxb5 29.Qxc3 Qe2
30.f3 Rb8 31.Rd7  1-0